Výpočtová štatistika 7. medzinárodný seminár

Gespeichert in:
Bibliographische Detailangaben
Weitere Verfasser: Chajdiak, Jozef
Format: Buch
Sprache:Slowakisch
Tschechisch
Veröffentlicht: Bratislava Slovenská štatistická a demografická spoločnosť 1998
Schlagworte:
Tags: Tag hinzufügen
Keine Tags, Fügen Sie das erste Tag hinzu!

MARC

LEADER 00000nam a2200000 4500
001 c115933
005 20221123133721.0
020 |a 80-967658-7-6 
041 0 |a slo 
041 0 |a cze 
044 |a SK 
245 1 0 |a Výpočtová štatistika  |b 7. medzinárodný seminár  |c [Zostav. Jozef Chajdiak] 
264 1 |a Bratislava  |b Slovenská štatistická a demografická spoločnosť  |c 1998 
300 |a 114 s. 
610 2 0 |a štatistika 
610 2 0 |a štatistika matematická 
610 2 0 |a metódy štatistické 
610 2 0 |a ukazovatele štatistické 
610 2 0 |a výskum operačný 
610 2 0 |a prognózy hospodárske 
610 2 0 |a produkt domáci hrubý 
610 2 0 |a využitie počítačov 
610 2 0 |a internet 
700 1 |a Chajdiak, Jozef